[Event "UAE President Cup"]
[Site "Ajman"]
[Date "2019.01.05"]
[Round "5"]
[White "Al Hosani, Omran"]
[Black "Hareb Nasser, Hareb Alshamsi"]
[Result "1-0"]
[WhiteElo "2191"]
[BlackElo "1775"]
[PlyCount "79"]
[EventDate "2019.01.02"]
[EventType "swiss"]
[EventRounds "9"]
[EventCountry "UAE"]
[SourceTitle "CBM 188 Extra"]
[Source "ChessBase"]
[SourceDate "2019.02.26"]
[SourceVersion "1"]
[SourceVersionDate "2019.02.26"]
[SourceQuality "1"]

1. d4 d5 2. c4 e6 3. Nc3 Be7 4. Qc2 Nf6 5. cxd5 exd5 6. Bg5 c6 7. e3 Nbd7 8. Bd3 Nh5 9. Bxe7 Qxe7 10. Nge2 g6 11. 0-0 0-0 12. Rae1 f5 13. Qd2 Ndf6 14. f3 Be6 15. Bc2 b5 16. Nc1 b4 17. Na4 Nd7 18. Nd3 Nhf6 19. Qxb4 Qf7 20. Nac5 Rab8 21. Qc3 Nxc5 22. Qxc5 Nd7 23. Qc3 Qf6 24. Bb3 Bf7 25. e4 dxe4 26. Bxf7+ Qxf7 27. fxe4 Qxa2 28. exf5 Qd5 29. Nb4 Qd6 30. Nxc6 Rbe8 31. fxg6 hxg6 32. Rxf8+ Rxf8 33. Qb3+ Kh8 34. Qh3+ Kg7 35. Re7+ Rf7 36. Rxf7+ Kxf7 37. Qxd7+ Qxd7 38. Ne5+ Ke6 39. Nxd7 Kxd7 40. Kf2 1-0

[Event "UAE President Cup"]
[Site "Ajman"]
[Date "2019.01.03"]
[Round "2"]
[White "Hareb Nasser, Hareb Alshamsi"]
[Black "Sultan, Ibrahim"]
[Result "0-1"]
[WhiteElo "1775"]
[BlackElo "2129"]
[PlyCount "76"]
[EventDate "2019.01.02"]
[EventType "swiss"]
[EventRounds "9"]
[EventCountry "UAE"]
[SourceTitle "CBM 188 Extra"]
[Source "ChessBase"]
[SourceDate "2019.02.26"]
[SourceVersion "1"]
[SourceVersionDate "2019.02.26"]
[SourceQuality "1"]

1. e4 e6 2. d4 d5 3. Nc3 Nf6 4. e5 Nfd7 5. Nf3 c5 6. dxc5 Nc6 7. Bf4 Bxc5 8. Bd3 a6 9. 0-0 h6 10. Qd2 g5 11. Bg3 g4 12. Bh4 Be7 13. Bxe7 Qxe7 14. Ne1 Ndxe5 15. f4 gxf3 16. Nxf3 Nxf3+ 17. Rxf3 Ne5 18. Rg3 h5 19. Rf1 h4 20. Rg7 Kf8 21. Rg5 f5 22. Nxd5 exd5 23. Bxf5 Nf7 24. Bxc8 Rxc8 25. Rgf5 Rh7 26. Rxd5 Kg8 27. Kh1 Rg7 28. Rd7 Rxc2 29. Qd5 Rf2 30. Rc1 Qf6 31. Qd3 Qg6 32. Rc8+ Kh7 33. Qxg6+ Rxg6 34. h3 Rf1+ 35. Kh2 Kg7 36. Rcc7 b5 37. Rd4 Rf2 38. Rdd7 Rfxg2+ 0-1

[Event "Al Ain U20 op 1st"]
[Site "Al Ain"]
[Date "2018.01.04"]
[Round "8"]
[White "Amal, Fadel SM Alshamsi"]
[Black "Hareb Nasser, Hareb Alshamsi"]
[Result "0-1"]
[WhiteElo "1399"]
[BlackElo "1758"]
[PlyCount "52"]
[EventDate "2017.12.30"]
[EventType "swiss"]
[EventRounds "9"]
[EventCountry "UAE"]
[SourceTitle "CBM 182 Extra"]
[Source "ChessBase"]
[SourceDate "2018.02.23"]
[SourceVersion "1"]
[SourceVersionDate "2018.02.23"]
[SourceQuality "1"]

1. e4 e5 2. Nf3 Nc6 3. d4 exd4 4. Nxd4 Bc5 5. Nb3 Bb6 6. Nc3 a5 7. Nd5 Ba7 8. a4 Nf6 9. Qf3 Nxd5 10. exd5 Nb4 11. Bd3 Nxd3+ 12. Qxd3 0-0 13. 0-0 d6 14. Be3 Bxe3 15. Qxe3 Qf6 16. Qd4 Qg6 17. Kh1 Bf5 18. c3 Rfe8 19. Rfe1 Re4 20. Rxe4 Bxe4 21. f3 Bc2 22. Nd2 Re8 23. Nc4 Re2 24. Ne3 h5 25. Rc1 h4 26. Nxc2 Qxg2# 0-1

[Event "Al Ain U20 op 1st"]
[Site "Al Ain"]
[Date "2018.01.03"]
[Round "6"]
[White "Rafea, Dalaa"]
[Black "Hareb Nasser, Hareb Alshamsi"]
[Result "1/2-1/2"]
[WhiteElo "1276"]
[BlackElo "1758"]
[PlyCount "194"]
[EventDate "2017.12.30"]
[EventType "swiss"]
[EventRounds "9"]
[EventCountry "UAE"]
[SourceTitle "CBM 182 Extra"]
[Source "ChessBase"]
[SourceDate "2018.02.23"]
[SourceVersion "1"]
[SourceVersionDate "2018.02.23"]
[SourceQuality "1"]

1. e4 e5 2. Nf3 Nc6 3. Bc4 Nf6 4. 0-0 Nxe4 5. Re1 d5 6. Bb5 Bd6 7. d3 Nf6 8. Nxe5 0-0 9. Bf4 Nd4 10. Ba4 b5 11. Bb3 Nxb3 12. axb3 Bb7 13. d4 Re8 14. Bg3 Ne4 15. Nd2 Nxg3 16. hxg3 c5 17. c3 Re6 18. Ndf3 Qf6 19. Qd2 Qf5 20. Qf4 Qxf4 21. gxf4 f6 22. dxc5 Bxc5 23. Nd3 Rxe1+ 24. Rxe1 Bd6 25. Re6 Rd8 26. Nd4 Kf7 27. Re1 a6 28. g3 g6 29. Kf1 h5 30. Kg2 Bc8 31. Rh1 Bd7 32. Ra1 Ra8 33. b4 g5 34. fxg5 fxg5 35. Nc5 Bc8 36. Nxb5 Be5 37. Nd4 Bxd4 38. cxd4 Rb8 39. Nd3 Rb6 40. Rc1 Be6 41. Rc7+ Kf6 42. Nc5 Bf5 43. Rb7 Rxb7 44. Nxb7 Bd3 45. Nc5 Bb5 46. Kf3 Kf5 47. Nb3 h4 48. gxh4 gxh4 49. Nd2 Bd3 50. Kg2 Kg4 51. Kh2 h3 52. Kg1 Kf4 53. Kh2 Bf5 54. Kg1 Kg5 55. Nb3 Bc8 56. Nd2 Kf5 57. Kh2 Kf6 58. Kg3 Ke7 59. Nb1 Kd6 60. Kh2 Bf5 61. Nc3 Ke6 62. Kg3 Kd6 63. Kh2 Be6 64. Na4 Ke7 65. Nc5 Bc8 66. Kg3 Kd6 67. Na4 Ke7 68. Nc5 Kf6 69. Nb3 Ke7 70. Nc5 Kd6 71. Na4 Bd7 72. Nc3 Be6 73. Kh2 Bf5 74. Kg3 Ke6 75. Na4 Kf6 76. Nc5 Bc8 77. Nb3 Kg5 78. Nd2 Bd7 79. Nb3 Bc8 80. Nd2 Bg4 81. Nb3 Kf6 82. Nc5 Bc8 83. Nb3 Ke7 84. Nc5 Kd8 85. Na4 Kc7 86. Nc3 Be6 87. Kh2 Kb6 88. Kg3 a5 89. bxa5+ Kxa5 90. f4 Kb4 91. Nxd5+ Bxd5 92. Kxh3 Kc4 93. Kg4 Kxd4 94. Kg5 Kc4 95. f5 Kb3 96. f6 Kxb2 97. f7 Bxf7 1/2-1/2

[Event "Al Ain U20 op 1st"]
[Site "Al Ain"]
[Date "2018.01.02"]
[Round "5"]
[White "Hareb Nasser, Hareb Alshamsi"]
[Black "Harikrishnan, C."]
[Result "0-1"]
[WhiteElo "1758"]
[BlackElo "1452"]
[PlyCount "122"]
[EventDate "2017.12.30"]
[EventType "swiss"]
[EventRounds "9"]
[EventCountry "UAE"]
[SourceTitle "CBM 182 Extra"]
[Source "ChessBase"]
[SourceDate "2018.02.23"]
[SourceVersion "1"]
[SourceVersionDate "2018.02.23"]
[SourceQuality "1"]

1. e4 e6 2. d4 d5 3. Nc3 Nf6 4. e5 Nfd7 5. f4 c5 6. Nf3 Nc6 7. Be3 Qb6 8. Na4 Qa5+ 9. c3 cxd4 10. b4 Qc7 11. Nxd4 a6 12. Bd3 b5 13. Nb2 Nb6 14. 0-0 Nc4 15. Nxc4 bxc4 16. Bc2 Na7 17. a4 Nc6 18. b5 Nxd4 19. Bxd4 axb5 20. axb5 Rxa1 21. Qxa1 Bc5 22. Rb1 Qb6 23. Kh1 0-0 24. Bxc5 Qxc5 25. b6 Bb7 26. Qa7 Qe7 27. Qa5 g6 28. Qb5 Ra8 29. Qb2 Qa3 30. Qb5 Qxc3 31. Ba4 Qa5 32. Qd7 Qxa4 33. Qxb7 Qa1 34. Rg1 Qa6 35. Qc7 Rc8 36. Qd7 Rb8 37. Rb1 c3 38. Qd6 Qb7 39. Qb4 c2 40. Rc1 Qxb6 41. Qd2 Qb1 42. Rg1 Qxg1+ 43. Kxg1 Rb1+ 44. Kf2 c1Q 45. Qa5 Rb2+ 46. Kf3 Qd1+ 47. Kg3 Qd3+ 48. Kh4 g5+ 49. fxg5 Rb4+ 50. g4 Rb8 51. Qc7 Qb3 52. Qe7 d4 53. Qf6 d3 54. Kh5 d2 55. h4 Qb1 56. Kh6 Qg6+ 57. Qxg6+ hxg6 58. h5 gxh5 59. g6 d1Q 60. g5 Qd3 61. gxf7+ Kxf7 0-1

[Event "Al Ain U20 op 1st"]
[Site "Al Ain"]
[Date "2018.01.01"]
[Round "4"]
[White "Sharon, Rafael"]
[Black "Hareb Nasser, Hareb Alshamsi"]
[Result "0-1"]
[WhiteElo "1357"]
[BlackElo "1758"]
[PlyCount "80"]
[EventDate "2017.12.30"]
[EventType "swiss"]
[EventRounds "9"]
[EventCountry "UAE"]
[SourceTitle "CBM 182 Extra"]
[Source "ChessBase"]
[SourceDate "2018.02.23"]
[SourceVersion "1"]
[SourceVersionDate "2018.02.23"]
[SourceQuality "1"]

1. c4 e6 2. Nc3 d5 3. cxd5 exd5 4. e3 Nf6 5. Nge2 c5 6. d4 Nc6 7. g3 Bg4 8. Bg2 cxd4 9. exd4 Bb4 10. 0-0 h6 11. Bf4 0-0 12. Be5 Bxc3 13. bxc3 Re8 14. h3 Bxe2 15. Qxe2 Ne4 16. Bxe4 dxe4 17. Bf4 Rc8 18. Rac1 Qd5 19. Be3 Na5 20. Rc2 Nc4 21. Rfc1 Re6 22. Bd2 Rg6 23. Kh2 Rf6 24. Be3 Rf3 25. Rf1 Qf5 26. Kg2 Qg6 27. Qe1 Rc6 28. Rg1 Qf5 29. g4 Qf6 30. d5 Qh4 31. Rh1 Rg6 32. Bd4 f5 33. Re2 fxg4 34. Rxe4 Rxh3 35. Rxh3 gxh3+ 36. Kh1 Qg5 37. Qf1 Nd2 38. Re8+ Kh7 39. f4 Qxd5+ 40. Kh2 Nxf1+ 0-1

[Event "Al Ain U20 op 1st"]
[Site "Al Ain"]
[Date "2017.12.31"]
[Round "3"]
[White "Hareb Nasser, Hareb Alshamsi"]
[Black "Mousavi, Seyed Khalil"]
[Result "0-1"]
[WhiteElo "1758"]
[BlackElo "2459"]
[PlyCount "100"]
[EventDate "2017.12.30"]
[EventType "swiss"]
[EventRounds "9"]
[EventCountry "UAE"]
[SourceTitle "CBM 182 Extra"]
[Source "ChessBase"]
[SourceDate "2018.02.23"]
[SourceVersion "1"]
[SourceVersionDate "2018.02.23"]
[SourceQuality "1"]

1. e4 c5 2. c3 e6 3. d4 d5 4. exd5 exd5 5. Nf3 Nc6 6. Be2 Bd6 7. dxc5 Bxc5 8. 0-0 Nge7 9. Nbd2 0-0 10. Nb3 Bb6 11. Nfd4 Ng6 12. Be3 Nce5 13. Nd2 Re8 14. h3 a6 15. Re1 Qd6 16. Qb3 Bc7 17. N2f3 Nxf3+ 18. Nxf3 Nh4 19. g3 Rxe3 20. Nxh4 Bxh3 21. Bf3 Rxe1+ 22. Rxe1 Be6 23. Qc2 Bb6 24. Kg2 Qd7 25. Kh2 Rc8 26. Qd2 d4 27. cxd4 Qxd4 28. Qxd4 Bxd4 29. Rd1 Bb6 30. Rd2 g5 31. Ng2 Rc7 32. a3 Kg7 33. Ne3 Bxe3 34. fxe3 Kf6 35. g4 Ke5 36. Kg3 b5 37. Rh2 f6 38. Rd2 a5 39. Be2 b4 40. axb4 axb4 41. Bd1 Rd7 42. Rxd7 Bxd7 43. Bc2 f5 44. gxf5 Bxf5 45. Bd1 Bg6 46. Kg4 Kf6 47. e4 Bxe4 48. Kh5 Bg6+ 49. Kg4 h5+ 50. Kg3 h4+ 0-1